[Event "3rd ACT"]
[Site "Amsterdam NED"]
[Date "2006.07.22"]
[Round "8"]
[White "Ernst,S"]
[Black "Ferguson,M"]
[Result "1-0"]
[WhiteElo "2504"]
[BlackElo "2389"]
[EventDate "2006.07.15"]

1. Nf3 d5 2. d4 Nf6 3. c4 c6 4. Nc3 dxc4 5. a4 Bf5 6. e3 e6 7. Bxc4 Bb4 8.
O-O O-O 9. h3 Nbd7 10. Nh4 Bg6 11. Nxg6 hxg6 12. Qc2 Qe7 13. Rd1 Rfd8 14.
Na2 Ba5 15. b4 Bxb4 16. Nxb4 Qxb4 17. Rb1 Qa5 18. Rxb7 Nb6 19. Bd2 Qxa4 20.
Qxa4 Nxa4 21. Ra1 Nc5 22. Rc7 Nce4 23. Be1 c5 24. f3 Nd6 25. Rxc5 Nxc4 26.
Rxc4 Rd7 27. Rca4 Rb7 28. R1a2 Nd5 29. Kf2 f6 30. Bd2 Kf7 31. Ke2 Ne7 32.
Ra6 Nf5 33. Bc3 g5 34. Kd3 Ne7 35. R2a3 Nd5 36. Bd2 Nc7 37. R6a4 Kg6 38. e4
Nb5 39. Rb3 a6 40. Ke3 Raa7 41. Bb4 Rc7 42. Bd2 Kf7 43. Rb2 Nd6 44. Kd3 Nb5
45. Rbb4 Rd7 46. Be3 Nd6 47. Rb6 a5 48. d5 Rac7 49. dxe6+ Kxe6 50. Rxa5 Ke7
51. Rd5 Nc4 52. Rxd7+ Kxd7 53. Rb5 Nxe3 54. Kxe3 Ke6 55. Rb2 Rc3+ 56. Kf2
Kf7 57. Kg3 Ra3 58. Kg4 Kg6 59. Re2 Ra4 60. Kg3 Ra5 61. Rd2 Re5 62. Rd6 Re8
63. Rd5 Re7 64. Kg4 Ra7 65. Rd6 Ra2 66. Kg3 Re2 67. Ra6 Kf7 68. Ra1 Kg6 69.
Rf1 Ra2 70. Rf2 Ra4 71. Rd2 Rb4 72. Re2 Rb5 73. Ra2 Rb4 74. Rc2 Ra4 75. Kf2
Ra3 76. Rd2 Rb3 77. Rd1 Rb2+ 78. Kg3 Re2 79. Rh1 Ra2 80. Re1 Ra5 81. h4
gxh4+ 82. Kxh4 Rh5+ 83. Kg3 Rg5+ 84. Kf2 Ra5 85. Ke3 Kg5 86. Rd1 Ra3+ 87.
Kf2 Ra2+ 88. Kg3 Ra3 89. Rd5+ Kg6 90. Kf4 Ra2 91. g3 Ra3 92. Rd6 Ra4 93.
Kg4 Rb4 94. Rc6 Ra4 95. Kf4 Rb4 96. Rc3 Ra4 97. Rd3 Rb4 98. Ke3 Ra4 99. Rd5
Ra3+ 100. Kf4 Ra4 101. g4 Ra6 102. Rc5 Rb6 103. Kg3 Rb3 104. Rc6 Kf7 105.
Kf4 Ra3 106. Rc7+ Kg6 107. Rc2 Rb3 108. Rc6 Kf7 109. g5 fxg5+ 110. Kg4 Rb5
111. Rd6 Ke7 112. Rg6 Kf7 113. Rxg5 Rb1 114. Rc5 Rf1 115. Rc7+ Kf6 116.
Rc6+ Kf7 117. Rc3 Rf2 118. Kf5 g6+ 119. Ke5 Rf1 120. f4 Rf2 121. Rc1 Rf3
122. Rc7+ Kf8 123. Rb7 Rf1 124. Rb3 Rf2 125. Rh3 Kg7 126. Rg3 Kf7 127. Rg4
Rf1 128. Rh4 Kg7 129. Ke6 Ra1 130. Rg4 Ra6+ 131. Ke5 Ra5+ 132. Kd4 Ra4+
133. Ke3 Ra3+ 134. Kf2 Kf6 135. Rg3 Ra2+ 136. Kf3 Ra3+ 137. Kg4 Ra1 138.
e5+ Kf7 139. Kg5 Rb1 140. Rg2 Rb3 141. Kg4 Ra3 142. Rb2 Ra7 143. Kg5 Ra6
144. Rd2 Ra1 145. Rd7+ Ke8 146. Rb7 Rg1+ 147. Kf6 Rg4 148. Rb8+ Kd7 149.
Rb4 g5 150. e6+ Kd6 151. e7 1-0

[Event "3rd ACT"]
[Site "Amsterdam NED"]
[Date "2006.07.22"]
[Round "8"]
[White "Spoelman,W"]
[Black "Schaefer,Mark"]
[Result "1-0"]
[WhiteElo "2461"]
[BlackElo "2354"]
[EventDate "2006.07.15"]

1. e4 e6 2. d4 d5 3. Nc3 Nf6 4. Bg5 Be7 5. e5 Nfd7 6. Bxe7 Qxe7 7. f4 O-O
8. Nf3 c5 9. Qd2 Nc6 10. dxc5 f6 11. exf6 Nxf6 12. O-O-O Qxc5 13. Bd3 Rb8
14. Rhe1 b5 15. Ne2 b4 16. Ned4 Nxd4 17. Nxd4 Rb6 18. Qe3 Re8 19. h3 Ba6
20. Kb1 Bc4 21. g4 Ra6 22. Nb3 Qc6 23. g5 Bxd3 24. cxd3 Nd7 25. Qd4 Qa4 26.
Nc1 Rc8 27. Rd2 Nc5 28. b3 Qd7 29. Rde2 Rac6 30. Qxb4 Rb6 31. Qd4 Na4 32.
Rc2 Rxc2 33. Kxc2 Rc6+ 34. Kb1 Nc3+ 35. Kb2 Nb5 36. Qb4 g6 37. Ne2 Rb6 38.
Nd4 Nd6 39. Qc5 Nb7 40. Qc3 a5 41. Rc1 Nd6 42. Qxa5 Rb7 43. Qe1 1-0

[Event "3rd ACT"]
[Site "Amsterdam NED"]
[Date "2006.07.22"]
[Round "8"]
[White "Michiels,B"]
[Black "Schlawin,M"]
[Result "1-0"]
[WhiteElo "2455"]
[BlackElo "2349"]
[EventDate "2006.07.15"]

1. e4 e6 2. d4 d5 3. Nc3 Nf6 4. Bg5 Bb4 5. e5 h6 6. Be3 Ne4 7. Qg4 g6 8. a3
Bxc3+ 9. bxc3 Nxc3 10. Bd3 Nc6 11. h4 Qe7 12. h5 g5 13. f4 gxf4 14. Qxf4
Bd7 15. Nf3 O-O-O 16. Nh2 Ne4 17. Ng4 Rdf8 18. Bxe4 dxe4 19. Nf6 b6 20. O-O
Nb8 21. c4 Ba4 22. Bf2 Nd7 23. Bh4 Bb3 24. Rfc1 Kb8 25. Qxe4 Ba4 26. Rc3
Rc8 27. c5 Nxf6 28. Bxf6 Qe8 29. c6 Rg8 30. Rb1 Ka8 31. d5 exd5 32. Qxa4
Qe6 33. Rb4 d4 34. Rxd4 Qf5 35. Qd1 a5 36. Qf1 1-0

[Event "3rd ACT"]
[Site "Amsterdam NED"]
[Date "2006.07.22"]
[Round "8"]
[White "De Vreugt,D"]
[Black "Peelen,P"]
[Result "1/2-1/2"]
[WhiteElo "2429"]
[BlackElo "2352"]
[EventDate "2006.07.15"]

1. e4 c6 2. d4 d5 3. Nc3 dxe4 4. Nxe4 Bf5 5. Ng3 Bg6 6. h4 h6 7. f4 e6 8.
h5 Bh7 9. Nf3 Nf6 10. Bd3 Bxd3 11. Qxd3 Nbd7 12. Bd2 Bd6 13. O-O-O Qc7 14.
Ne5 Rd8 15. Ne4 Nxe4 16. Qxe4 f5 17. Qf3 Bxe5 18. fxe5 Nb6 19. Bb4 Nd5 20.
Bc5 Rd7 21. g4 Rf7 22. gxf5 Rxf5 23. Qa3 b6 24. Bd6 Qd7 25. Rdf1 Ne7 26.
Bxe7 Rxf1+ 27. Rxf1 Qxe7 28. Qf3 Kd7 29. Kb1 Kc7 30. a3 Rd8 31. Qg4 b5 32.
Rf3 Kb7 33. Ka2 Rd7 34. Rg3 Kb6 35. Rf3 Qe8 36. Rf4 Re7 37. Qf3 Qd8 38. b3
a6 39. c4 Kb7 40. Kb2 Rd7 41. Qf2 Qe8 42. Qf3 Qd8 43. Qf2 Qe8 44. Qf3
1/2-1/2

[Event "3rd ACT"]
[Site "Amsterdam NED"]
[Date "2006.07.22"]
[Round "8"]
[White "Ansell,S"]
[Black "Miedema,R"]
[Result "1-0"]
[WhiteElo "2391"]
[BlackElo "2218"]
[EventDate "2006.07.15"]

1. e4 e6 2. d3 d5 3. Nd2 Nf6 4. Ngf3 c5 5. g3 Be7 6. Bg2 b5 7. O-O Bb7 8.
exd5 Bxd5 9. c4 Bb7 10. cxb5 Qxd3 11. Qa4 Qd8 12. Nc4 O-O 13. Rd1 Nd5 14.
Na5 Qb6 15. Nxb7 Qxb7 16. Bg5 Bd6 17. Nh4 Nd7 18. Nf5 Qc7 19. Bxd5 exd5 20.
Rxd5 Nb6 21. Qg4 Nxd5 22. Bf6 1-0

[Event "3rd ACT"]
[Site "Amsterdam NED"]
[Date "2006.07.22"]
[Round "8"]
[White "Holzke,F"]
[Black "Tan,Mat"]
[Result "1-0"]
[WhiteElo "2472"]
[BlackElo "2288"]
[EventDate "2006.07.15"]

1. e4 e6 2. d4 d5 3. Nd2 Nf6 4. e5 Nfd7 5. Bd3 c5 6. c3 Nc6 7. Ne2 cxd4 8.
cxd4 f6 9. exf6 Nxf6 10. O-O Bd6 11. Nf3 Qc7 12. Bg5 O-O 13. Rc1 Bd7 14.
Ng3 Qb6 15. Bxf6 gxf6 16. Qd2 Rf7 17. Nh5 Kh8 18. Bb1 Rg8 19. a3 Qd8 20.
Rc3 Rg4 21. h3 Rg8 22. Re1 Qb8 23. Kh1 a6 24. Rb3 Qc7 25. Nh4 Qa5 26. Rc3
e5 27. b4 Qb6 28. dxe5 fxe5 29. Rf3 Nd8 30. Qh6 Bc5 31. Rf6 Rxf6 32. Qxh7+
1-0

[Event "3rd ACT"]
[Site "Amsterdam NED"]
[Date "2006.07.22"]
[Round "8"]
[White "Gullaksen,E"]
[Black "Burg,T"]
[Result "1-0"]
[WhiteElo "2387"]
[BlackElo "2268"]
[EventDate "2006.07.15"]

1. e4 c5 2. Nf3 d6 3. d4 cxd4 4. Nxd4 Nf6 5. Nc3 a6 6. Bc4 e6 7. O-O Be7 8.
a3 O-O 9. Ba2 Nc6 10. Kh1 Bd7 11. f4 Rc8 12. f5 Nxd4 13. Qxd4 e5 14. Qd3
Bc6 15. Bg5 Qb6 16. Bxf6 Bxf6 17. Rab1 Qd4 18. Qe2 Bg5 19. Rfd1 Qe3 20. Qg4
Qf4 21. Qxf4 exf4 22. Rxd6 Bf6 23. Nd5 Rfe8 24. Nxf6+ gxf6 25. Rbd1 Rxe4
26. Kg1 Re2 27. R1d2 Rxd2 28. Rxd2 f3 29. c3 fxg2 30. Bd5 Bxd5 31. Rxd5 Re8
32. Rd2 Kg7 33. Kxg2 Re5 34. Rf2 Kh6 35. Kg3 Re4 36. Kf3 Rc4 37. Rg2 b5 38.
Ke3 Rh4 39. b3 a5 40. Kd3 Rf4 41. c4 Rf3+ 42. Kd4 Rxb3 43. c5 Rxa3 44. c6
Ra4+ 45. Kc5 Rc4+ 46. Kxb5 Rc1 47. Rg4 Kh5 48. Rc4 Rb1+ 49. Kxa5 Kg5 50. c7
Rb8 51. cxb8=Q h5 52. Qf4+ 1-0

[Event "3rd ACT"]
[Site "Amsterdam NED"]
[Date "2006.07.22"]
[Round "8"]
[White "De Boer,Sy"]
[Black "Bachofner,A"]
[Result "1-0"]
[WhiteElo "2353"]
[BlackElo "2185"]
[EventDate "2006.07.15"]

1. e4 d5 2. exd5 Qxd5 3. Nc3 Qa5 4. d4 Nf6 5. Bc4 c6 6. Bd2 Bf5 7. Nd5 Qd8
8. Nxf6+ exf6 9. c3 Qc7 10. Qh5 Bg6 11. Qe2+ Be7 12. h4 h5 13. Nh3 Bf5 14.
O-O-O b5 15. Bb3 a5 16. Bf4 Qb7 17. d5 a4 18. dxc6 Nxc6 19. Bd5 Rc8 20. a3
O-O 21. Qxh5 g6 22. Qh6 Na5 23. Rd3 Rxc3+ 24. bxc3 Bxa3+ 25. Kd1 Rd8 26.
Ng5 Rxd5 27. Qh7+ Kf8 28. Qh8+ Ke7 29. Re1+ Be6 30. Rxe6+ fxe6 31. Qg7+ Ke8
32. Qg8+ Bf8 33. Qxe6+ 1-0

[Event "3rd ACT"]
[Site "Amsterdam NED"]
[Date "2006.07.22"]
[Round "8"]
[White "Van Beek,L"]
[Black "De Jong,M"]
[Result "1-0"]
[WhiteElo "2345"]
[BlackElo "2241"]
[EventDate "2006.07.15"]

1. d4 e6 2. c4 Nf6 3. Nc3 d5 4. cxd5 Nxd5 5. Bd2 c5 6. Nf3 Nc6 7. dxc5 Bxc5
8. e4 Nxc3 9. Bxc3 Qb6 10. Qd2 O-O 11. Bc4 Rd8 12. Qe2 Bb4 13. Rc1 Bd7 14.
O-O Rac8 15. e5 Bxc3 16. bxc3 Ne7 17. Ng5 h6 18. Ne4 Rxc4 19. Qxc4 Bb5 20.
Qb4 Nc6 21. Nf6+ Kh8 22. Qf4 Bxf1 23. Rxf1 Qc7 24. Ng4 h5 25. Ne3 Kg8 26.
Nc4 Nd4 27. Qg5 Ne2+ 28. Kh1 Nxc3 29. Nd6 Nd5 30. Rc1 Qb6 31. g3 g6 32. Kg2
Rf8 33. Ne4 Qd4 34. Re1 Kg7 35. Qc1 b6 36. Ng5 Qd3 37. h4 Qf5 38. Qc4 Rd8
39. a4 Rd7 1-0

[Event "3rd ACT"]
[Site "Amsterdam NED"]
[Date "2006.07.22"]
[Round "8"]
[White "Ashton,A"]
[Black "Van Veen,O"]
[Result "1/2-1/2"]
[WhiteElo "2329"]
[BlackElo "2225"]
[EventDate "2006.07.15"]

1. e4 e5 2. Nf3 Nc6 3. Bb5 a6 4. Ba4 Nf6 5. O-O b5 6. Bb3 Bc5 7. c3 d5 8.
d4 dxe4 9. dxc5 Qxd1 10. Bxd1 exf3 11. Bxf3 e4 12. Be2 Bb7 13. Rd1 O-O 14.
Bf4 Rac8 15. b4 Ne7 16. a4 Nfd5 17. Bd2 Bc6 18. axb5 axb5 19. Na3 Rb8 20.
Nc2 Rfd8 21. Nd4 Nxb4 22. Bg5 Rxd4 23. cxd4 f6 24. Bc1 Ned5 25. Bb2 g6 26.
Ra7 Kf7 27. Ba3 Ke6 28. Bxb4 Nxb4 29. Rxc7 Kd5 30. Rxh7 Nc2 31. Rc7 b4 32.
Bc4+ Kxc4 33. Rxc6 Nxd4 34. Rb6 Rc8 35. Rxb4+ Kxb4 36. Rxd4+ Kxc5 37. Rxe4
Kd5 38. Re1 g5 39. g3 Rh8 40. Kg2 Ra8 41. Rd1+ Ke6 42. Re1+ Kf7 43. h3 Ra7
44. Rb1 Ra4 45. Rb3 Kg7 46. Kf3 Kg6 47. Re3 Rb4 48. Re4 Rb3+ 49. Kg2 Rb2
50. Ra4 Rb3 51. h4 gxh4 52. Rxh4 Rb2 53. Ra4 Rc2 54. Kf3 Rb2 55. Ke3 Rb3+
56. Kf4 Rb2 57. f3 Rb5 58. g4 Rb6 59. Ra5 Rb4+ 60. Kg3 Rb3 61. Rd5 Ra3 62.
Kf4 Ra4+ 63. Kg3 Ra3 64. Rd4 Rb3 65. Re4 Ra3 66. Kf4 Rb3 67. Re3 Rb4+ 68.
Kg3 Rb6 69. f4 Rb1 70. Kh4 Rh1+ 71. Rh3 Rg1 72. f5+ Kg7 73. Re3 Rh1+ 74.
Kg3 Rg1+ 75. Kf4 Rf1+ 76. Kg3 Rg1+ 77. Kf3 Rf1+ 78. Kg2 Ra1 79. Re7+ Kf8
80. Re3 Kg7 81. Kg3 Rg1+ 82. Kf4 Rf1+ 83. Rf3 Rg1 84. Ra3 Rf1+ 85. Kg3 Rg1+
86. Kf3 Rf1+ 87. Kg2 Rb1 88. Ra7+ Kf8 89. Kg3 Rg1+ 90. Kf4 Rg2 91. Rb7 Rg1
92. Rd7 Rg2 93. Ke4 Rxg4+ 94. Kd5 Ke8 95. Rc7 Ra4 96. Kd6 Kf8 97. Ke6 Ra6+
98. Kd5 Ra1 99. Ke6 1/2-1/2

[Event "3rd ACT"]
[Site "Amsterdam NED"]
[Date "2006.07.22"]
[Round "8"]
[White "Bezemer,A"]
[Black "Vogel,Ja"]
[Result "1/2-1/2"]
[WhiteElo "2346"]
[BlackElo "2246"]
[EventDate "2006.07.15"]

1. e4 e6 2. d4 d5 3. Nd2 Nf6 4. e5 Nfd7 5. c3 c5 6. Bd3 Nc6 7. Ngf3 a5 8.
O-O Be7 9. Re1 b6 10. c4 Nb4 11. Bb1 Nf8 12. a3 Nc6 13. Nf1 Bb7 14. cxd5
exd5 15. Ne3 Ne6 16. dxc5 d4 17. Nf5 bxc5 18. Ba2 O-O 19. Qd3 a4 20. Bh6 c4
21. Bxc4 gxh6 22. Nxh6+ Kh8 23. Qf5 Ng7 24. Nxf7+ Rxf7 25. Qxf7 Qb6 26. Qf4
Na5 27. Bd3 Rf8 28. Qxd4 Qxd4 29. Nxd4 Bc5 30. Nf3 Bxf3 31. gxf3 Rxf3 32.
Red1 Ne6 33. Rac1 Bxf2+ 34. Kg2 Rf8 35. Bb5 Nb3 36. Rc6 Nbd4 37. Rxe6 Nxe6
38. Rf1 Bd4 39. Rxf8+ Nxf8 40. Bxa4 Bxb2 41. Bb3 Bxa3 1/2-1/2

[Event "3rd ACT"]
[Site "Amsterdam NED"]
[Date "2006.07.22"]
[Round "8"]
[White "Valenti,G"]
[Black "Slingerland,F"]
[Result "1/2-1/2"]
[WhiteElo "2273"]
[BlackElo "2338"]
[EventDate "2006.07.15"]

1. e4 c5 2. Nf3 Nc6 3. d4 cxd4 4. Nxd4 Nf6 5. Nc3 d6 6. Bc4 e6 7. Be3 a6 8.
f4 Qc7 9. Bb3 b5 10. a3 Be7 11. f5 Nxd4 12. Bxd4 exf5 13. O-O fxe4 14. Nd5
Qb7 15. Nxf6+ Bxf6 16. Qh5 Bd7 17. Qxf7+ Kd8 18. Bxf6+ gxf6 19. Rxf6 Qb6+
20. Kh1 Kc7 21. Qd5 Raf8 22. Rxf8 Rxf8 23. Qxe4 Qf2 24. Rg1 Re8 25. Qf3 Re2
26. Qc3+ Bc6 27. Qg7+ Kb6 28. h3 Qh4 29. Kh2 Re3 30. Rf1 Re2 31. Rg1 Re3
32. Rf1 Re2 1/2-1/2

[Event "3rd ACT"]
[Site "Amsterdam NED"]
[Date "2006.07.22"]
[Round "8"]
[White "Breivik,L"]
[Black "Schoorl,R"]
[Result "1/2-1/2"]
[WhiteElo "2226"]
[BlackElo "2289"]
[EventDate "2006.07.15"]

1. e4 e5 2. Nc3 Nf6 3. Bc4 Nc6 4. d3 Bb4 5. Bg5 h6 6. Bxf6 Bxc3+ 7. bxc3
Qxf6 8. Ne2 d6 9. O-O g5 10. Bb5 Bd7 11. Bxc6 Bxc6 12. c4 O-O 13. Nc3 Qg6
14. g4 h5 1/2-1/2

[Event "3rd ACT"]
[Site "Amsterdam NED"]
[Date "2006.07.22"]
[Round "8"]
[White "Swinkels,R"]
[Black "Doggers,P"]
[Result "1-0"]
[WhiteElo "2286"]
[BlackElo "2232"]
[EventDate "2006.07.15"]

1. e4 e5 2. Nf3 Nc6 3. d4 exd4 4. Nxd4 Bc5 5. Be3 Qf6 6. c3 Nge7 7. g3 d5
8. Bg2 Bxd4 9. cxd4 dxe4 10. Nc3 O-O 11. Nxe4 Qg6 12. O-O Be6 13. Nc5 Bd5
14. Bxd5 Nxd5 15. Qb3 Nce7 16. Rac1 b6 17. Nd3 Rfe8 18. Bf4 Rac8 19. Rfe1
Nxf4 20. Nxf4 Qd6 21. Qa4 a5 22. Re4 Rf8 23. Qc4 Rfd8 24. Rce1 Ng6 25. Nxg6
hxg6 26. Re7 Rf8 27. R1e4 c5 28. d5 Rcd8 29. R4e5 Rd7 30. Re8 Rd8 31. R8e7
Rd7 32. Re8 Rd8 33. Qe4 f6 34. Rxf8+ Kxf8 35. Re6 Qb8 36. Qxg6 Qb7 37. Qh5
Qf7 38. Qh8+ Qg8 39. Qh5 Qf7 40. Qh8+ Qg8 41. Qxg8+ Kxg8 42. Rxb6 Rxd5 43.
a3 c4 44. Rc6 Rd2 45. Rxc4 Rxb2 46. Rc5 Ra2 47. Rxa5 Kf7 48. Ra7+ Kg6 49.
Kg2 Kh6 50. h4 g5 51. hxg5+ Kxg5 52. Ra8 Kg4 53. a4 Kg5 54. a5 Kf5 55. a6
Kg6 56. a7 Kg7 57. g4 1-0

[Event "3rd ACT"]
[Site "Amsterdam NED"]
[Date "2006.07.22"]
[Round "8"]
[White "Ahlers,B"]
[Black "Strating,S"]
[Result "0-1"]
[WhiteElo "2185"]
[BlackElo "2279"]
[EventDate "2006.07.15"]

1. d4 d5 2. Nf3 c6 3. e3 Bf5 4. c4 e6 5. Nc3 Be7 6. Be2 Nd7 7. O-O h6 8. b3
Ngf6 9. Bb2 O-O 10. Rc1 a6 11. Qd2 Bb4 12. Qd1 Qe7 13. Ne5 Nxe5 14. dxe5
Nd7 15. cxd5 exd5 16. Qd4 Rfe8 17. Qf4 Bg6 18. Bg4 Bxc3 19. Bxc3 Nxe5 20.
Be2 Nd7 21. Qd4 f6 22. Rfd1 Nf8 23. Bb4 Qf7 24. h3 Bh5 25. Bxh5 Qxh5 26.
Bd6 Rad8 27. Bg3 Rd7 28. Qb6 Ne6 29. Rd2 Qg5 30. Rcd1 f5 31. Qb4 Qe7 32.
Qa4 Nc5 33. Qf4 Qe4 34. Rd4 Qxf4 35. Bxf4 Kf7 36. Kf1 Red8 37. Bh2 Ke6 38.
f3 Kf6 39. Bg1 Ne6 40. g4 g6 41. gxf5 gxf5 42. Bf2 Kf7 43. Ke2 Re8 44. Kf1
Ng5 45. Kg2 Rg8 46. Bg3 Ke6 47. h4 Rdg7 0-1

[Event "3rd ACT"]
[Site "Amsterdam NED"]
[Date "2006.07.22"]
[Round "8"]
[White "Eggleston,D"]
[Black "Bakker,S"]
[Result "1/2-1/2"]
[WhiteElo "2232"]
[BlackElo "2231"]
[EventDate "2006.07.15"]

1. e4 c6 2. d4 d5 3. exd5 cxd5 4. c4 Nf6 5. Nc3 Nc6 6. Bg5 e6 7. Nf3 Be7 8.
c5 O-O 9. Rc1 h6 10. Bf4 Ne4 11. Bb5 Bd7 12. O-O Bf6 13. Ba4 Nxd4 14. Nxd4
Nxc3 15. Rxc3 e5 16. Be3 exd4 17. Bxd4 Bxd4 18. Qxd4 Bxa4 19. Qxa4 Re8 20.
Rd3 Re2 21. Qb3 d4 22. Qxb7 Rb8 23. Rxd4 Qe8 24. Qxa7 Rbxb2 25. Qd7 Qxd7
26. Rxd7 Rec2 27. Rd8+ Kh7 28. a4 Rxc5 29. Ra8 Ra2 30. Ra7 Kg6 31. h3 Rc4
32. a5 Rc5 33. a6 Rc6 34. Ra8 Rcxa6 35. Rxa6+ Rxa6 1/2-1/2

[Event "3rd ACT"]
[Site "Amsterdam NED"]
[Date "2006.07.22"]
[Round "8"]
[White "Van de Fliert,W"]
[Black "Van Ruitenburg,J"]
[Result "1-0"]
[WhiteElo "2195"]
[BlackElo "2315"]
[EventDate "2006.07.15"]

1. e4 e5 2. Nf3 Nc6 3. c3 d5 4. Qa4 f6 5. Bb5 Nge7 6. exd5 Qxd5 7. O-O e4
8. c4 Qd6 9. c5 Qxc5 10. d4 Qd6 11. Nfd2 f5 12. Nc4 Qxd4 13. Bf4 Kf7 14.
Nbd2 Ng6 15. Bxc7 Qf6 16. Nb6 axb6 17. Qxa8 Bb4 18. Nc4 Nd4 19. Qa4 Bc5 20.
Rad1 f4 21. Nd6+ Bxd6 22. Rxd4 Bxc7 23. Qc4+ Kf8 24. Rxe4 Bd7 25. Bxd7 Be5
26. Rfe1 Ke7 27. Qd5 Qd6 28. Rxe5+ Nxe5 29. Rxe5+ Kxd7 30. Qxb7+ Qc7 31.
Re7+ 1-0

[Event "3rd ACT"]
[Site "Amsterdam NED"]
[Date "2006.07.22"]
[Round "8"]
[White "Hopman,P"]
[Black "Van Vliet,J"]
[Result "1-0"]
[WhiteElo "2304"]
[BlackElo "2250"]
[EventDate "2006.07.15"]

1. d4 Nf6 2. c4 e6 3. Nc3 Bb4 4. Qc2 b6 5. e4 Bxc3+ 6. bxc3 d6 7. f4 Bb7 8.
Bd3 e5 9. Ne2 Qe7 10. Ng3 g6 11. O-O Nbd7 12. c5 h5 13. cxd6 cxd6 14. fxe5
dxe5 15. Bg5 h4 16. Bb5 O-O-O 17. Ne2 Qe6 18. Bxd7+ Nxd7 19. d5 Qg4 20.
Bxd8 Rxd8 21. h3 Qg5 22. Rxf7 Qe3+ 23. Kh2 Nc5 24. c4 Ba6 25. Rxa7 Kb8 26.
Rf7 Qxe4 27. Qxe4 Nxe4 28. Rb1 Bxc4 29. Rxb6+ Ka8 30. Rf3 Ka7 31. Rb4 1-0

[Event "3rd ACT"]
[Site "Amsterdam NED"]
[Date "2006.07.22"]
[Round "8"]
[White "Bensdorp,M"]
[Black "Walton,A"]
[Result "0-1"]
[WhiteElo "2290"]
[BlackElo "2222"]
[EventDate "2006.07.15"]

1. d4 e6 2. Nf3 f5 3. g3 Nf6 4. Bg2 Be7 5. O-O O-O 6. c4 d6 7. Nc3 Qe8 8.
Re1 Nc6 9. e4 fxe4 10. Nxe4 e5 11. dxe5 dxe5 12. Nfg5 Qg6 13. Nxf6+ gxf6
14. Qd5+ Kh8 15. Ne6 Bxe6 16. Qxe6 Bb4 17. Re4 Nd4 18. Qh3 Rfd8 19. Be3 c6
20. Rh4 f5 21. Rh6 Qf7 22. Bg5 Be7 23. Bxe7 Qxe7 24. Re1 Rd7 25. Qh5 Rg8
26. Bh3 Rg5 27. Qd1 e4 28. Bg2 Qg7 29. Rh4 Nf3+ 30. Bxf3 Rxd1 31. Rxd1 Qe7
32. Be2 Rg6 33. Rf4 Qe5 34. Kf1 Rf6 35. Rd8+ Kg7 36. Rd7+ Rf7 37. Rd2 Qa5
38. Rd1 Qxa2 39. g4 Qxb2 40. gxf5 Qe5 41. Rg4+ Kf6 42. Rg3 Qxf5 43. Bg4 Qc5
44. Kg2 Ke5 45. Re3 Rg7 46. Kh3 Kf4 47. Rde1 Qd4 48. c5 h5 49. Bc8 Re7 50.
Kg2 Qxc5 51. Rg3 Qd5 52. Kg1 a5 53. Bh3 a4 54. Bg2 b5 55. h4 Re5 56. Bh3
Qf7 57. Kg2 b4 58. Ree3 b3 59. Rgf3+ exf3+ 60. Rxf3+ Ke4 61. Rxf7 b2 62.
Rb7 Rb5 63. Bf5+ Kxf5 0-1

[Event "3rd ACT"]
[Site "Amsterdam NED"]
[Date "2006.07.22"]
[Round "8"]
[White "Van Gool,H"]
[Black "Moll,A"]
[Result "0-1"]
[WhiteElo "2208"]
[BlackElo "2180"]
[EventDate "2006.07.15"]

1. e4 c5 2. Nf3 e6 3. d4 cxd4 4. Nxd4 Nf6 5. Bd3 Nc6 6. Be3 d5 7. exd5 Nxd5
8. Nxc6 bxc6 9. Qf3 Nxe3 10. fxe3 Be7 11. Qxc6+ Bd7 12. Qf3 Bh4+ 13. g3 Bf6
14. O-O O-O 15. c3 Bg5 16. Na3 Rb8 17. Rf2 Qc7 18. Rb1 f5 19. Bc4 Kh8 20.
Re1 Bc6 21. Qh5 Qe5 22. e4 fxe4 23. Rxf8+ Rxf8 24. Rf1 Qc5+ 25. Kg2 e3+ 26.
Kh3 Rxf1 27. Bd3 Rf5 28. b4 Qd5 0-1

[Event "3rd ACT"]
[Site "Amsterdam NED"]
[Date "2006.07.22"]
[Round "8"]
[White "Overeem,M"]
[Black "Timman,T"]
[Result "1/2-1/2"]
[WhiteElo "2243"]
[BlackElo "2260"]
[EventDate "2006.07.15"]

1. c4 Nf6 2. Nc3 e5 3. Nf3 Nc6 4. g3 Nd4 5. Bg2 Nxf3+ 6. Bxf3 Bb4 7. Qb3 a5
8. O-O O-O 9. d3 Re8 10. Bg5 Be7 11. Rac1 d6 12. Na4 Nd7 13. Be3 Rb8 14. c5
Nxc5 15. Nxc5 dxc5 16. Bd5 Rf8 17. Bxc5 Bxc5 18. Rxc5 b6 19. Rcc1 Bh3 20.
Rfd1 c5 21. Bf3 Qf6 22. a3 Rbd8 23. Qb5 Rd4 24. Rc4 Bd7 25. Qa6 Ba4 26.
Rxd4 exd4 27. Re1 Bb3 28. Qb5 a4 29. Qc6 Qxc6 30. Bxc6 f6 31. Rc1 Kf7 32.
Kf1 Ke6 33. e3 dxe3 34. fxe3 Ke5 35. Ke2 g5 36. Bb5 f5 37. Bc4 Bxc4 38.
Rxc4 Ra8 39. g4 Ra5 40. Kd2 fxg4 41. Rxg4 Kf5 42. h3 h5 43. e4+ Kg6 44. Rg2
Ra7 45. Ke3 Rd7 46. Rc2 g4 47. hxg4 hxg4 48. Kf4 Rxd3 49. Kxg4 Kf6 50. Kf4
Rd1 51. Rh2 Rf1+ 52. Ke3 Re1+ 53. Kd3 b5 54. Rh5 Rc1 55. Rh6+ Ke5 56. Rb6
c4+ 57. Kd2 Rh1 58. Rxb5+ Kd4 59. Rd5+ Kxe4 60. Rd8 Rh3 61. Kc2 Rg3 62. Ra8
Kd4 63. Rxa4 Rg2+ 64. Kb1 Rg1+ 65. Ka2 Rc1 66. Rb4 Kc5 67. Rb8 c3 68. Rc8+
Kd4 69. Rxc3 Rxc3 70. bxc3+ Kxc3 71. a4 1/2-1/2

[Event "3rd ACT"]
[Site "Amsterdam NED"]
[Date "2006.07.22"]
[Round "8"]
[White "Ouwendijk,V"]
[Black "Witt,Rob"]
[Result "0-1"]
[WhiteElo "2210"]
[BlackElo "2296"]
[EventDate "2006.07.15"]

1. d4 e6 2. c4 d5 3. Nc3 Bb4 4. Nf3 Nf6 5. Bg5 h6 6. Bh4 g5 7. Bg3 Ne4 8.
Rc1 h5 9. h4 Nxg3 10. fxg3 gxh4 11. Qa4+ Nc6 12. Ne5 Qg5 13. Kd1 Bxc3 14.
Rxc3 Bd7 15. Nxd7 Kxd7 16. e4 Qg4+ 17. Kc1 Qxe4 18. Bd3 Qxd4 19. Rd1 Qe3+
20. Kb1 d4 21. Bc2 Qe5 22. Rcd3 Ke7 23. b4 a6 24. gxh4 Rhg8 25. Qb3 b5 26.
a4 bxa4 27. Qxa4 Qd6 28. c5 Qd5 29. R1d2 e5 30. Bb3 Qe4 31. Bd1 Rab8 32.
Ka1 Rxb4 33. Qxa6 Rgb8 34. Bf3 Qe1+ 35. Ka2 Qb1+ 36. Ka3 Qa1+ 37. Ra2 Qc1+
0-1

[Event "3rd ACT"]
[Site "Amsterdam NED"]
[Date "2006.07.23"]
[Round "9"]
[White "L'Ami,E"]
[Black "Erenburg,S"]
[Result "0-1"]
[WhiteElo "2586"]
[BlackElo "2585"]
[EventDate "2006.07.15"]

1. d4 d5 2. c4 c6 3. Nf3 Nf6 4. Nc3 e6 5. Bg5 h6 6. Bh4 dxc4 7. e4 g5 8.
Bg3 b5 9. Be2 Bb7 10. O-O Nbd7 11. Ne5 h5 12. Nxd7 Qxd7 13. Be5 Rh6 14. Qc1
Rg6 15. Rd1 Ng4 16. a4 a6 17. Bxg4 hxg4 18. Qe3 f6 19. Bg3 Kf7 20. d5 cxd5
21. axb5 axb5 22. Qb6 Rg7 23. Rxa8 Bxa8 24. Nxb5 Qc6 25. Qa5 Bc5 26. Nc7
Bb7 27. exd5 exd5 28. Rxd5 Bb6 29. Qb5 Kg6 30. Qxc6 Bxc6 31. Rd6 Rxc7 32.
Be5 Kf5 33. Bc3 Ke4 34. Rxf6 Bd4 35. Re6+ Kf5 0-1

[Event "3rd ACT"]
[Site "Amsterdam NED"]
[Date "2006.07.23"]
[Round "9"]
[White "Vazquez,R"]
[Black "Tukmakov,V"]
[Result "1-0"]
[WhiteElo "2517"]
[BlackElo "2560"]
[EventDate "2006.07.15"]

1. d4 Nf6 2. Nf3 g6 3. g3 Bg7 4. Bg2 O-O 5. O-O d5 6. c4 dxc4 7. Qc2 Nc6 8.
Qxc4 Be6 9. Qa4 Nd5 10. Qd1 Nb6 11. e3 Qc8 12. b3 Bg4 13. Bb2 e5 14. d5 Rd8
15. e4 f5 16. h3 Bh5 17. Qe1 Bxf3 18. Bxf3 Nd4 19. Bxd4 exd4 20. Nd2 Re8
21. Qd1 Qd7 22. Rc1 fxe4 23. Nxe4 Nxd5 24. Nc5 Qf5 25. Bg4 Qf7 26. Re1 Nc3
27. Qd2 Kh8 28. Ne6 h5 29. Ng5 Qf6 30. Be6 Rf8 31. h4 b5 32. f4 Rae8 33.
Qd3 Re7 34. Re5 c5 35. Rce1 Rfe8 36. Kg2 Bh6 37. Qf3 c4 38. Bf7 Rxe5 39.
Rxe5 Rf8 40. Re6 1-0

[Event "3rd ACT"]
[Site "Amsterdam NED"]
[Date "2006.07.23"]
[Round "9"]
[White "Al Modiahki,M"]
[Black "Ernst,S"]
[Result "1-0"]
[WhiteElo "2564"]
[BlackElo "2504"]
[EventDate "2006.07.15"]

1. e4 c6 2. d4 d5 3. Nd2 dxe4 4. Nxe4 Bf5 5. Ng3 Bg6 6. h4 h6 7. Nf3 Nd7 8.
h5 Bh7 9. Bd3 Bxd3 10. Qxd3 e6 11. Bf4 Qa5+ 12. Bd2 Bb4 13. c3 Be7 14. c4
Qc7 15. O-O Ngf6 16. Qe2 O-O 17. Ne5 Bd6 18. Bc3 c5 19. Rad1 cxd4 20. Nxd7
dxc3 21. Nxf6+ gxf6 22. Ne4 Be7 23. Nxc3 Rfd8 24. b3 f5 25. Qe3 Kh7 26. Qf3
Bc5 27. g3 Kg7 28. Kg2 Qc6 29. Qxc6 bxc6 30. f4 Bd4 31. Ne2 Bf6 32. Kf3 a5
33. Ke3 c5 34. Rxd8 Rxd8 35. Rc1 Kf8 36. Nc3 Ke7 37. Ke2 Bd4 38. Nb5 e5 39.
fxe5 Bxe5 40. Rf1 Ke6 41. Rf3 Rg8 42. Re3 f6 43. Nc7+ Kd6 44. Nd5 Rg4 45.
Rd3 Ke6 46. Re3 Kf7 47. Rd3 Bxg3 48. Ne3 Rg5 49. Rd5 Be5 50. Rxc5 f4 51.
Nd5 Ke6 52. Rxa5 Kf5 53. Ra6 Rg2+ 54. Kf3 Rg3+ 55. Ke2 Bd4 56. Rd6 f3+ 57.
Kd3 Be5 58. Rd8 Kg4 59. Ne3+ Kxh5 60. Ke4 f2 61. Rd1 Rg1 62. Nf1 Kg4 63.
Ke3 Rg2 64. Ke2 Bf4 65. a4 h5 66. a5 Kf5 67. Rd5+ Ke4 68. Rxh5 Rg8 69. a6
Be5 70. b4 Kd4 71. Rh4+ Kc3 72. b5 Re8 73. Kxf2 Bd6 74. Kf3 Bc5 75. Ng3 Kb4
76. Ne4 Bb6 77. c5 Kxb5 78. Nd6+ Kxa6 79. Nxe8 Bxc5 80. Nxf6 Kb5 81. Ke4
Be7 82. Rh5+ Kc6 83. Kf5 Bd6 84. Ne4 Bc7 85. Rh6+ Kb5 86. Ke6 Kc4 87. Rh3
Ba5 88. Nd6+ 1-0